| 000 | 00683nam a2200217 i 4500 | ||
|---|---|---|---|
| 001 | 148698 | ||
| 003 | ES-MaACL | ||
| 005 | 20231220180203.0 | ||
| 007 | t| | ||
| 008 | 070214s1966 sp af e |||| | spa d | ||
| 080 | _a37.01(03) | ||
| 080 | _a37(03) | ||
| 245 | 0 | 0 |
_aEnciclopedia de la nueva educación / _cdirigida por José Luis Suárez Rodríguez. |
| 260 |
_aMadrid : _bApis, _c1966. |
||
| 300 |
_a2 v., 16 lám. : _bil. ; _c23 cm. |
||
| 650 | 4 |
_aPedagogía- _vEnciclopedias. _9162951 |
|
| 650 | 4 |
_aEnseñanza- _vEnciclopedias. _9162952 |
|
| 700 | 1 |
_aSuárez Rodríguez, José Luis, _d1931-2020 _9108655 |
|
| 852 |
_aES-MaACL _jC-30833-34 |
||
| 999 |
_c148698 _d148698 |
||